[Event "FBL O"]
[Site "Deutschland"]
[Date "2010.03.14"]
[Round "7.2"]
[White "Wagner Michel, Annett"]
[Black "Daemering, Katrin"]
[Result "1-0"]
[WhiteElo "2122"]
[BlackElo "2050"]
[PlyCount "85"]
[EventDate "2009.11.07"]
[EventType "team"]
[EventCountry "GER"]
[WhiteTeam "SC Rotation Pankow"]
[BlackTeam "SC Leipzig-Lindenau"]

1. e4 c5 2. Nf3 d6 3. d4 cxd4 4. Nxd4 Nf6 5. Nc3 a6 6. Be2 e6 7. f4 Qc7 8. Bf3
Nc6 9. Nxc6 bxc6 10. O-O Nd7 11. Qe1 Be7 12. Be3 Rb8 13. b3 O-O 14. Rd1 d5 15.
Qf2 f5 16. exf5 Rxf5 17. Bg4 Rf6 18. Bd4 Rg6 19. Qe2 Nf8 20. Be5 Qb6+ 21. Kh1
Rb7 22. Na4 Qa5 23. Bf3 Rd7 24. c4 Rd8 25. Bd4 Qb4 26. Bc3 Qb7 27. Ba5 Rd7 28.
Nb6 Rd8 29. Rfe1 Bc5 30. Na4 Bb4 31. Bxd8 Bxe1 32. Rxe1 Qf7 33. cxd5 Qxf4 34.
Qe5 Qd2 35. dxc6 Qxd8 36. Rd1 Qh4 37. Nb6 Rg5 38. Qe1 Qf4 39. Nxc8 Qc7 40. Qh4
h6 41. Nd6 Ng6 42. Qe4 e5 43. Qc4+ 1-0

[Event "FBL O"]
[Site "Deutschland"]
[Date "2010.03.14"]
[Round "7.3"]
[White "Niesch, Franziska"]
[Black "Schulz, Stefanie"]
[Result "0-1"]
[WhiteElo "1904"]
[BlackElo "2109"]
[PlyCount "134"]
[EventDate "2009.11.07"]
[EventType "team"]
[EventCountry "GER"]
[WhiteTeam "SC Leipzig-Lindenau"]
[BlackTeam "SC Rotation Pankow"]

1. d4 Nf6 2. c4 c5 3. d5 e6 4. Nc3 exd5 5. cxd5 d6 6. e4 g6 7. Bd3 Bg7 8. Nge2
O-O 9. O-O a6 10. Ng3 b5 11. Bf4 Ng4 12. Be2 h5 13. Qd2 Kh7 14. Rae1 Ne5 15.
Nh1 Nbd7 16. Be3 Nb6 17. b3 b4 18. Nd1 Ng4 19. Bg5 f6 20. Bh4 g5 21. Bxg4 Bxg4
22. f3 Bd7 23. Bf2 Bb5 24. Ng3 Bxf1 25. Kxf1 Qe8 26. Nf5 Nc8 27. Nde3 Rf7 28.
Nxg7 Kxg7 29. Nf5+ Kg6 30. h4 Qf8 31. Be3 Qd8 32. Qc2 Rd7 33. e5 dxe5 34. hxg5
Qh8 35. Nh6+ Kg7 36. gxf6+ Kxf6 37. Qf5+ Ke7 38. Bxc5+ Nd6 39. Rxe5+ Kd8 40.
Qg5+ Kc7 41. Bxd6+ Kxd6 42. Re6+ Kc7 43. Rc6+ Kb7 44. Qe3 Qd8 45. Qe4 Qe7 46.
Qd4 Re8 47. Qb6+ Ka8 48. Qxa6+ Kb8 49. Rb6+ Rb7 50. Rxb7+ Qxb7 51. Qxb7+ Kxb7
52. g4 hxg4 53. Nxg4 Ra8 54. Ke2 Kb6 55. Kd3 Kc5 56. Nf6 Rxa2 57. f4 Ra6 58.
Ne8 Ra8 59. Nc7 Rc8 60. Na6+ Kb5 61. Nxb4 Kxb4 62. Kd4 Rf8 63. Ke5 Kc5 64. f5
Re8+ 65. Kf6 Kxd5 66. Kf7 Rb8 67. f6 Rb7+ 0-1

[Event "FBL O"]
[Site "Deutschland"]
[Date "2010.03.14"]
[Round "7.4"]
[White "Goehler, Antje"]
[Black "Neumeyer, Hannelore"]
[Result "1/2-1/2"]
[WhiteElo "2144"]
[BlackElo "2055"]
[PlyCount "85"]
[EventDate "2009.11.07"]
[EventType "team"]
[EventCountry "GER"]
[WhiteTeam "SC Rotation Pankow"]
[BlackTeam "SC Leipzig-Lindenau"]

1. d4 d5 2. Nf3 Nf6 3. c4 e6 4. Nc3 Be7 5. Bf4 O-O 6. e3 c6 7. c5 Nbd7 8. h3 b6
9. b4 bxc5 10. bxc5 Qa5 11. Qd2 Ba6 12. Nxd5 Qxd2+ 13. Nxd2 Nxd5 14. Bxa6 Nxf4
15. exf4 Rab8 16. O-O Bf6 17. Nb3 Rb4 18. Rfd1 Rfb8 19. Be2 Rd8 20. Bf3 Nb8 21.
Rd2 g5 22. fxg5 Bxg5 23. Rd3 Bf6 24. Rad1 Kf8 25. Be4 h6 26. f4 a5 27. Nxa5
Rbxd4 28. Rxd4 Rxd4 29. Rxd4 Bxd4+ 30. Kf1 Bxc5 31. Nxc6 Nxc6 32. Bxc6 Ba3 33.
Ke2 Ke7 34. Kf3 Kd6 35. Be8 f6 36. Ke4 Ke7 37. Ba4 f5+ 38. Kf3 e5 39. fxe5 Ke6
40. g4 Kxe5 41. Bd7 fxg4+ 42. hxg4 Kd6 43. Bf5 1/2-1/2

[Event "FBL O"]
[Site "Deutschland"]
[Date "2010.03.14"]
[Round "7.5"]
[White "Koeditz, Katja"]
[Black "Wolf, Sylvia"]
[Result "1/2-1/2"]
[WhiteElo "1955"]
[BlackElo "2066"]
[PlyCount "33"]
[EventDate "2009.11.07"]
[EventType "team"]
[EventCountry "GER"]
[WhiteTeam "SC Leipzig-Lindenau"]
[BlackTeam "SC Rotation Pankow"]

1. d4 Nf6 2. Nf3 c5 3. e3 e6 4. Bd3 d5 5. c3 Nc6 6. Nbd2 cxd4 7. cxd4 Bd6 8.
O-O O-O 9. Re1 Qc7 10. Nf1 e5 11. dxe5 Nxe5 12. Nxe5 Bxe5 13. h3 h6 14. Qe2 Bd6
15. Qf3 Be5 16. Qe2 Bd6 17. Qf3 1/2-1/2

[Event "FBL O"]
[Site "Deutschland"]
[Date "2010.03.14"]
[Round "7.1"]
[White "Jaracz, Barbara"]
[Black "Stark, Saskia"]
[Result "1-0"]
[WhiteElo "2276"]
[BlackElo "1956"]
[PlyCount "47"]
[EventDate "2009.11.07"]
[EventType "team"]
[EventCountry "GER"]
[WhiteTeam "SV Guben 1990"]
[BlackTeam "SG Grün-Weiß Dresden"]

1. e4 c5 2. Nf3 e6 3. d4 cxd4 4. Nxd4 a6 5. Bd3 Qc7 6. O-O Nc6 7. Nxc6 dxc6 8.
f4 Bc5+ 9. Kh1 Ne7 10. Nd2 Ng6 11. e5 O-O 12. Ne4 Be7 13. Qh5 f5 14. exf6 Bxf6
15. Bd2 Nh8 16. Qxh7+ Kxh7 17. Nxf6+ Kh6 18. f5+ g5 19. fxg6+ Kg7 20. Nh5+ Kg8
21. Rxf8+ Kxf8 22. g7+ Kg8 23. Nf6+ Kxg7 24. Ne8+ 1-0

[Event "FBL O"]
[Site "Deutschland"]
[Date "2010.03.14"]
[Round "7.2"]
[White "Lorenz, Nicole"]
[Black "Demidowicz, Maria"]
[Result "1/2-1/2"]
[WhiteElo "1889"]
[BlackElo "2082"]
[PlyCount "128"]
[EventDate "2009.11.07"]
[EventType "team"]
[EventCountry "GER"]
[WhiteTeam "SG Grün-Weiß Dresden"]
[BlackTeam "SV Guben 1990"]

1. e4 c5 2. Nf3 d6 3. Bb5+ Nd7 4. O-O Ngf6 5. Re1 a6 6. Bf1 e5 7. a4 Be7 8. c3
O-O 9. d4 b6 10. Bg5 Bb7 11. Nbd2 Re8 12. dxe5 dxe5 13. Qb3 h6 14. Bc4 Rf8 15.
Bh4 Qc7 16. Rad1 Bc6 17. Bd5 b5 18. Bxc6 Qxc6 19. axb5 axb5 20. c4 Rfb8 21. Qc2
Qe6 22. Ra1 bxc4 23. Rxa8 Rxa8 24. Qxc4 Qc6 25. h3 Bd6 26. b4 Nb6 27. Qc3 Na4
28. Qc4 Nd7 29. bxc5 Ndxc5 30. Rb1 Rc8 31. Bg3 Qe8 32. Qb5 Qxb5 33. Rxb5 Nc3
34. Rb6 N5xe4 35. Nxe4 Nxe4 36. Bxe5 Rc1+ 37. Kh2 Bc5 38. Rb8+ Kh7 39. Rb7 f6
40. Bd4 Nxf2 41. Bxc5 Rxc5 42. Rb2 Ne4 43. Ra2 f5 44. Rb2 g5 45. Re2 Kg6 46. g3
h5 47. Rg2 g4 48. hxg4 hxg4 49. Ng1 f4 50. Ne2 f3 51. Nf4+ Kf5 52. Ra2 Rb5 53.
Nd3 Nc3 54. Ra3 Ne2 55. Nf2 Kg6 56. Ra6+ Kf7 57. Ra7+ Ke6 58. Ra6+ Kd7 59. Ra7+
Kc6 60. Ra6+ Kb7 61. Rh6 Rb2 62. Nxg4 Nf4+ 63. Kh1 Rb1+ 64. Kh2 Rb2+ 1/2-1/2

[Event "FBL O"]
[Site "Deutschland"]
[Date "2010.03.14"]
[Round "7.3"]
[White "Sikorska, Agata"]
[Black "Morgenstern, Petra"]
[Result "1-0"]
[WhiteElo "2086"]
[BlackElo "1961"]
[PlyCount "75"]
[EventDate "2009.11.07"]
[EventType "team"]
[EventCountry "GER"]
[WhiteTeam "SV Guben 1990"]
[BlackTeam "SG Grün-Weiß Dresden"]

1. e4 c5 2. Nf3 d6 3. d4 cxd4 4. Nxd4 Nf6 5. Nc3 a6 6. Be2 e6 7. O-O Be7 8. Be3
Qc7 9. a4 Nbd7 10. Nb3 b6 11. f4 Bb7 12. Bf3 Rc8 13. Qd2 O-O 14. g4 d5 15. exd5
Nxd5 16. Nxd5 Bxd5 17. Bxd5 exd5 18. Rf2 Nf6 19. Rg2 Rfd8 20. Nd4 Ne4 21. Qe2
Qb7 22. c3 Bc5 23. Nf5 Re8 24. Qf3 Qc6 25. Bd4 Bxd4+ 26. Nxd4 Qc5 27. Kh1 Qc4
28. g5 Nc5 29. f5 Nd3 30. g6 hxg6 31. fxg6 fxg6 32. Rxg6 Re1+ 33. Rxe1 Nxe1 34.
Qe3 Kh7 35. Rg1 Nd3 36. Qh3+ Kg8 37. Qe6+ Kh7 38. Rxg7+ 1-0

[Event "FBL O"]
[Site "Deutschland"]
[Date "2010.03.14"]
[Round "7.5"]
[White "Szewczuk, Mariola"]
[Black "Flemming, Peggy"]
[Result "1-0"]
[WhiteElo "1917"]
[BlackElo "1643"]
[PlyCount "85"]
[EventDate "2009.11.07"]
[EventType "team"]
[EventCountry "GER"]
[WhiteTeam "SV Guben 1990"]
[BlackTeam "SG Grün-Weiß Dresden"]

1. f4 d5 2. Nf3 Nf6 3. e3 c5 4. b3 Nc6 5. Bb5 Bd7 6. Bb2 e6 7. O-O a6 8. Bxc6
Bxc6 9. Ne5 Rc8 10. d3 d4 11. Nd2 Bd6 12. Nxc6 bxc6 13. Ne4 Nd5 14. exd4 Bxf4
15. Rxf4 Nxf4 16. Qf3 Ng6 17. dxc5 O-O 18. Rf1 e5 19. Qg3 f6 20. Nd6 Qa5 21.
Nxc8 Rxc8 22. Qg4 Rc7 23. Qe6+ Kf8 24. Bxe5 Nxe5 25. Qxe5 Re7 26. Qd6 Qd2 27.
h3 Kf7 28. Qxc6 Qxc2 29. Qd5+ Kg6 30. Qf5+ Kf7 31. d4 Qc3 32. Qd5+ Kg6 33. c6
Qg3 34. Qf3 Qd6 35. Qd3+ Kf7 36. Qc4+ Kg6 37. d5 Kf7 38. Rc1 Rc7 39. Re1 Kf8
40. Qe4 Rc8 41. Qe6 Rd8 42. Qxd6+ Rxd6 43. c7 1-0

[Event "FBL O"]
[Site "Deutschland"]
[Date "2010.03.14"]
[Round "7.1"]
[White "Pachow, Steffi"]
[Black "Pflug, Tanja"]
[Result "1-0"]
[WhiteElo "2003"]
[BlackElo "2055"]
[PlyCount "63"]
[EventDate "2009.11.07"]
[EventType "team"]
[EventCountry "GER"]
[WhiteTeam "SV Glück auf Rüdersdorf"]
[BlackTeam "SV Merseburg"]

1. d4 f5 2. Qd3 d6 3. e4 fxe4 4. Qxe4 Nf6 5. Qh4 Bf5 6. Bb5+ Nbd7 7. Ba4 c6 8.
Ne2 Qa5+ 9. Nbc3 O-O-O 10. O-O h6 11. Rb1 Qc7 12. b4 e5 13. f3 Be7 14. Qf2 b6
15. Bb3 g5 16. Ng3 Bg6 17. Be6 exd4 18. Qxd4 d5 19. Nf5 Bxf5 20. Bxf5 Nh5 21.
Qg4 Nf4 22. Bxf4 gxf4 23. Ne2 Bd6 24. Nd4 Rdg8 25. Qh3 c5 26. Nb5 Qb8 27. Bxd7+
Kb7 28. Qe6 Be5 29. bxc5 Rg5 30. c6+ Ka6 31. Qe7 Bc7 32. Qa3# 1-0

[Event "FBL O"]
[Site "Deutschland"]
[Date "2010.03.14"]
[Round "7.2"]
[White "Maedel, Katja"]
[Black "Goering, Carsta"]
[Result "0-1"]
[WhiteElo "1993"]
[BlackElo "1705"]
[PlyCount "60"]
[EventDate "2009.11.07"]
[EventType "team"]
[EventCountry "GER"]
[WhiteTeam "SV Merseburg"]
[BlackTeam "SV Glück auf Rüdersdorf"]

1. e4 c5 2. d4 cxd4 3. c3 dxc3 4. Nxc3 Nc6 5. Nf3 a6 6. Bc4 e6 7. O-O b5 8. Bb3
Bc5 9. Re1 Nge7 10. Bg5 Qb6 11. Qd2 O-O 12. Rac1 Ng6 13. Re2 Nce5 14. Nxe5 Nxe5
15. Bh4 Ng6 16. Bg3 Rd8 17. Nd5 exd5 18. Qxd5 d6 19. Qxf7+ Kh8 20. Rxc5 Qxc5
21. Rc2 Qb4 22. Kf1 Rf8 23. Qd5 Bg4 24. Bxd6 Qa5 25. Bc7 Qb4 26. Bd6 Qa5 27. h3
Bxh3 28. gxh3 Rfe8 29. Rc7 Rad8 30. Qd4 Qxc7 0-1

[Event "FBL S"]
[Site "Deutschland"]
[Date "2009.11.07"]
[Round "1.2"]
[White "Dirmeier, Carolin"]
[Black "Dietzen, Corinna"]
[Result "0-1"]
[WhiteElo "2030"]
[BlackElo "1980"]
[PlyCount "114"]
[EventDate "2009.11.07"]
[EventType "team"]
[EventCountry "GER"]
[WhiteTeam "FC Bayern München"]
[BlackTeam "SF Wadgassen/Differten"]

1. e4 d6 2. d4 Nf6 3. Nc3 Nbd7 4. Nf3 e5 5. Bc4 Be7 6. O-O O-O 7. Bg5 c6 8. a3
Qc7 9. Ba2 Rd8 10. b4 Nf8 11. Qe2 Be6 12. Rfd1 Bxa2 13. Nxa2 Ne6 14. dxe5 dxe5
15. c4 a5 16. c5 b6 17. cxb6 Qxb6 18. Bd2 axb4 19. Nxb4 Nd4 20. Qc4 Ng4 21.
Nxd4 Bxb4 22. Bxb4 Rxd4 23. Rxd4 Qxd4 24. Qxd4 exd4 25. Rd1 Rd8 26. Bc5 d3 27.
f4 Nf6 28. Be7 Rd7 29. Bxf6 gxf6 30. Kf2 c5 31. Ke3 c4 32. Kd2 Kf8 33. Kc3 Rc7
34. a4 Ke7 35. Rb1 Kd6 36. Rb5 Rc5 37. Rb6+ Rc6 38. Rb7 Ke6 39. Rb5 Rd6 40. Rb1
Rc6 41. g4 h5 42. gxh5 f5 43. Rb5 fxe4 44. Re5+ Kf6 45. Rxe4 Rd6 46. Re1 Kf5
47. Kxc4 d2 48. Rd1 Ke4 49. h6 Ke3 50. h7 Rd8 51. a5 Ke2 52. Rxd2+ Kxd2 53. a6
Ke3 54. a7 Kxf4 55. Kb5 Kg5 56. Kb6 Kh6 57. Kb7 Kxh7 0-1

[Event "FBL S"]
[Site "Deutschland"]
[Date "2009.11.07"]
[Round "1.3"]
[White "Mueller, Elke"]
[Black "Spiel, Marianne"]
[Result "1-0"]
[WhiteElo "1992"]
[BlackElo "2035"]
[PlyCount "45"]
[EventDate "2009.11.07"]
[EventType "team"]
[EventCountry "GER"]
[WhiteTeam "SF Wadgassen/Differten"]
[BlackTeam "FC Bayern München"]

1. e4 e6 2. d4 d5 3. Nc3 Bb4 4. Qg4 Nf6 5. Qxg7 Rg8 6. Qh6 Rg6 7. Qh4 dxe4 8.
Nge2 Nc6 9. Bg5 Nxd4 10. O-O-O e5 11. Nxe4 Be7 12. Bxf6 Bxf6 13. Qxh7 Bf5 14.
Nxd4 Bxe4 15. Bc4 Qe7 16. Rhe1 exd4 17. Rxe4 Qxe4 18. Bxf7+ Kd8 19. Bxg6 Qd5
20. Kb1 c5 21. Re1 Kc8 22. Be4 Qd7 23. Bf5 1-0

[Event "FBL S"]
[Site "Deutschland"]
[Date "2009.11.07"]
[Round "1.4"]
[White "Roos, Karin"]
[Black "Henschel, Anke"]
[Result "0-1"]
[WhiteElo "1864"]
[BlackElo "1991"]
[PlyCount "84"]
[EventDate "2009.11.07"]
[EventType "team"]
[EventCountry "GER"]
[WhiteTeam "FC Bayern München"]
[BlackTeam "SF Wadgassen/Differten"]

1. e4 d5 2. exd5 Qxd5 3. Nc3 Qa5 4. d4 c6 5. Bd2 Nf6 6. Nge2 Bf5 7. g3 e6 8.
Ne4 Qd8 9. Nxf6+ Qxf6 10. Bg2 Nd7 11. O-O Nb6 12. Bf4 Nd7 13. c3 g5 14. Be3 Bd6
15. c4 h5 16. Qd2 Be7 17. d5 e5 18. dxc6 bxc6 19. Bxc6 Qxc6 20. f3 Bh3 21. Rf2
Rg8 22. Nc3 Bc5 23. Re1 Be6 24. b3 Rd8 25. Ne4 Bxe3 26. Qxe3 f6 27. Rd1 Ke7 28.
Qxa7 g4 29. Rd6 Qa8 30. Qe3 Rg6 31. Rfd2 gxf3 32. Nc5 Bh3 33. Nxd7 Rxd7 34. Qc5
Ke8 35. Kf2 Qa7 36. Qxa7 Rxa7 37. Kxf3 Bg4+ 38. Ke4 Ke7 39. c5 Rg8 40. c6 Rc8
41. Kd5 Rac7 42. Rc2 Bf3+ 0-1

[Event "FBL S"]
[Site "Deutschland"]
[Date "2009.11.07"]
[Round "1.5"]
[White "Ley, Janine"]
[Black "Lenk, Sandra"]
[Result "1-0"]
[WhiteElo "1681"]
[BlackElo "1900"]
[PlyCount "75"]
[EventDate "2009.11.07"]
[EventType "team"]
[EventCountry "GER"]
[WhiteTeam "SF Wadgassen/Differten"]
[BlackTeam "FC Bayern München"]

1. c4 e6 2. d4 d5 3. e3 c6 4. Nc3 Nf6 5. Nf3 Nbd7 6. Be2 Bd6 7. Qc2 O-O 8. O-O
dxc4 9. Bxc4 e5 10. Rd1 Qe7 11. e4 exd4 12. Rxd4 Ne5 13. Nxe5 Qxe5 14. Rxd6
Qxd6 15. h3 Be6 16. Be2 Rfe8 17. Be3 Qb4 18. f3 a6 19. Na4 Qe7 20. Nc5 Qc7 21.
Bf2 Nd7 22. Nxe6 Rxe6 23. Bc4 Rg6 24. Qb3 Ne5 25. Bf1 c5 26. Rc1 b6 27. f4 Nd7
28. e5 b5 29. Qd5 Nb6 30. Qe4 Rc6 31. g4 Re8 32. Bg2 Nd7 33. Qxc6 Qd8 34. Qxa6
b4 35. Qb5 Qe7 36. Bxc5 Nxc5 37. Qxc5 Qd7 38. Bc6 1-0

[Event "FBL S"]
[Site "Deutschland"]
[Date "2009.11.07"]
[Round "1.1"]
[White "Manakov, Marina"]
[Black "Fuchs, Antje"]
[Result "0-1"]
[WhiteElo "2330"]
[BlackElo "2141"]
[PlyCount "102"]
[EventDate "2009.11.07"]
[EventType "team"]
[EventCountry "GER"]
[WhiteTeam "SF Deizisau"]
[BlackTeam "TSV Zeulenroda"]

1. d4 Nf6 2. Bg5 Ne4 3. Bf4 d5 4. e3 Nc6 5. Bd3 Nf6 6. Nc3 a6 7. a3 Bg4 8. f3
Bh5 9. g4 Bg6 10. h4 e6 11. h5 Bxd3 12. Qxd3 Bd6 13. Nge2 h6 14. O-O-O Bxf4 15.
exf4 Qe7 16. f5 O-O-O 17. fxe6 Qxe6 18. Ng3 Na5 19. Nf5 Nc4 20. Nxd5 Nxd5 21.
Qxc4 g6 22. Rde1 Qf6 23. hxg6 fxg6 24. Nh4 h5 25. g5 Qxg5+ 26. Kb1 Qf6 27. Re5
c6 28. Qe2 g5 29. Nf5 Kb8 30. Qe4 Qg6 31. Re6 Qf7 32. Nh6 Qf4 33. c3 Rdf8 34.
c4 Nc7 35. Rg6 Qxf3 36. Qxf3 Rxf3 37. Rxh5 Rf4 38. Rd6 g4 39. d5 Rxc4 40. Rg5
Nxd5 41. Nxg4 Rh1+ 42. Ka2 Kc7 43. Rdg6 a5 44. Rg7+ Kb6 45. Kb3 Kc5 46. Ne5 a4+
47. Ka2 Rc2 48. Rg3 b6 49. R7g6 Kb5 50. Rg1 Nc3+ 51. Ka1 Rc1+ 0-1

[Event "FBL S"]
[Site "Deutschland"]
[Date "2009.11.07"]
[Round "1.2"]
[White "Mucha, Annegret"]
[Black "Meier, Annemarie Sylvia"]
[Result "0-1"]
[WhiteElo "2012"]
[BlackElo "2259"]
[PlyCount "142"]
[EventDate "2009.11.07"]
[EventType "team"]
[EventCountry "GER"]
[WhiteTeam "TSV Zeulenroda"]
[BlackTeam "SF Deizisau"]

1. e4 c5 2. Nc3 a6 3. g3 b5 4. Bg2 Bb7 5. d3 e6 6. f4 d6 7. Nf3 Qc7 8. O-O Nc6
9. f5 Nf6 10. fxe6 fxe6 11. Ng5 Qe7 12. Bh3 Nd8 13. Qe2 e5 14. Be3 g6 15. Nd1
Bg7 16. Nf2 O-O 17. Ng4 Bc8 18. Nxf6+ Bxf6 19. Bxc8 Bxg5 20. Bxg5 Qxg5 21.
Rxf8+ Kxf8 22. Rf1+ Kg7 23. Bh3 Ra7 24. c3 Rc7 25. Bg4 h5 26. Bf3 Rf7 27. Bg2
Rxf1+ 28. Kxf1 Qc1+ 29. Kf2 b4 30. cxb4 cxb4 31. d4 exd4 32. e5 d3 33. Qxd3
Qxb2+ 34. Kg1 Qxe5 35. Qxa6 Qd4+ 36. Kh1 Nf7 37. Qe2 Ne5 38. h3 Nf7 39. Qc2
Qa1+ 40. Kh2 Qe5 41. Qc4 Qc5 42. Qb3 Ne5 43. Qb2 Qc3 44. Qe2 Qd4 45. Qc2 h4 46.
gxh4 Qxh4 47. Qe2 Qf4+ 48. Kh1 Qd4 49. Kh2 Nf7 50. Qc2 Qe5+ 51. Kh1 Qf4 52. Qe2
Kh6 53. Be4 Ng5 54. Bg2 Qd4 55. Qc2 Ne6 56. Qc1+ Qf4 57. Qb2 Qd4 58. Qc1+ Nf4
59. Qc2 Qa1+ 60. Kh2 Qe5 61. Kh1 Qe2 62. Qxe2 Nxe2 63. Kh2 Kg5 64. Bf1 Nc3 65.
Bc4 d5 66. Bd3 Nxa2 67. h4+ Kh6 68. Bc2 Nc1 69. Kg3 b3 70. Bb1 Ne2+ 71. Kf2 Nc3
0-1

[Event "FBL S"]
[Site "Deutschland"]
[Date "2009.11.07"]
[Round "1.3"]
[White "Gheng, Simona"]
[Black "Lange, Corinna"]
[Result "1/2-1/2"]
[WhiteElo "2017"]
[BlackElo "2033"]
[PlyCount "42"]
[EventDate "2009.11.07"]
[EventType "team"]
[EventCountry "GER"]
[WhiteTeam "SF Deizisau"]
[BlackTeam "TSV Zeulenroda"]

1. e4 e6 2. d4 d5 3. Nd2 Nf6 4. Bd3 c5 5. exd5 Qxd5 6. Ngf3 Nc6 7. Bc4 Qh5 8.
Nb3 cxd4 9. Nbxd4 Nxd4 10. Qxd4 Bd7 11. Be3 Rc8 12. Bb3 Bc5 13. Qd3 Bc6 14.
Bxc5 Qxc5 15. O-O O-O 16. Rfe1 Rfd8 17. Qe3 Qxe3 18. Rxe3 Bxf3 19. Rxf3 Rd2 20.
Re1 Rcd8 21. h3 h6 1/2-1/2

[Event "FBL S"]
[Site "Deutschland"]
[Date "2009.11.07"]
[Round "1.4"]
[White "Skibbe, Diana"]
[Black "Schaefer, Daniela"]
[Result "1-0"]
[WhiteElo "2083"]
[BlackElo "1920"]
[PlyCount "83"]
[EventDate "2009.11.07"]
[EventType "team"]
[EventCountry "GER"]
[WhiteTeam "TSV Zeulenroda"]
[BlackTeam "SF Deizisau"]

1. e4 d5 2. exd5 Nf6 3. d4 Nxd5 4. c4 Nb6 5. Nf3 g6 6. Nc3 Bg7 7. Be3 O-O 8.
Qd2 Nc6 9. O-O-O Bf5 10. Nh4 Bc8 11. d5 Ne5 12. b3 Ng4 13. Nf3 Nxe3 14. Qxe3 a5
15. a4 Bg4 16. Be2 Bxf3 17. Bxf3 Nd7 18. h4 Ne5 19. Be2 h5 20. f4 Ng4 21. Bxg4
hxg4 22. f5 Qd6 23. fxg6 Qxg6 24. Qd3 Qf6 25. Kc2 Ra6 26. Rdf1 Qe5 27. Rf5
Qxc3+ 28. Qxc3 Bxc3 29. Kxc3 Kh7 30. Rhf1 f6 31. R1f4 Rg8 32. Re4 Rg7 33. Rff4
g3 34. Rg4 Rxg4 35. Rxg4 e5 36. Rxg3 f5 37. Rg5 Rf6 38. c5 Kh6 39. Kc4 b6 40.
d6 cxd6 41. cxb6 d5+ 42. Kc5 1-0

[Event "FBL S"]
[Site "Deutschland"]
[Date "2009.11.07"]
[Round "1.5"]
[White "Gheng, Hannelore"]
[Black "Espig, Gesine"]
[Result "1/2-1/2"]
[WhiteElo "1654"]
[BlackElo "2036"]
[PlyCount "109"]
[EventDate "2009.11.07"]
[EventType "team"]
[EventCountry "GER"]
[WhiteTeam "SF Deizisau"]
[BlackTeam "TSV Zeulenroda"]

1. e4 d6 2. d4 g6 3. Nf3 Bg7 4. Bc4 e6 5. Qe2 Ne7 6. Nc3 Nd7 7. Bf4 a6 8. Ng5
Nb6 9. Bb3 Bxd4 10. Qf3 f6 11. Nxe6 Bxe6 12. Bxe6 Nc6 13. O-O-O Bxc3 14. Qxc3
Qe7 15. Bd5 Nxd5 16. exd5 Ne5 17. Rhe1 O-O-O 18. Bg3 g5 19. Qd4 Rde8 20. Qa7 a5
21. Bxe5 fxe5 22. Qa8+ Kd7 23. Qxb7 Rb8 24. Qa6 Rb6 25. Qxa5 Qf6 26. Qc3 Qf4+
27. Qd2 Qa4 28. Qxg5 Rhb8 29. Qg7+ Kd8 30. Qg8+ Kd7 31. Qxh7+ Kd8 32. b3 Qxa2
33. Qh8+ Kd7 34. Qh3+ Kd8 35. Qh4+ Kd7 36. Qa4+ Qxa4 37. bxa4 Rb4 38. f3 Rxa4
39. Re4 Ra5 40. f4 Rbb5 41. c4 Ra1+ 42. Kc2 Ra2+ 43. Kc3 Ra3+ 44. Kd2 Rb2+ 45.
Ke1 Rxg2 46. Re2 Rg1+ 47. Kd2 Ra2+ 48. Ke3 exf4+ 49. Kxf4 Rxe2 50. Rxg1 Rxh2
51. Rg7+ Kc8 52. Rg4 Re2 53. Kf3 Re7 54. Re4 Rf7+ 55. Rf4 1/2-1/2

[Event "FBL S"]
[Site "Deutschland"]
[Date "2009.11.07"]
[Round "1.1"]
[White "Auburger, Kirstin"]
[Black "Rieseler, Caroline"]
[Result "1/2-1/2"]
[WhiteElo "1885"]
[BlackElo "2066"]
[PlyCount "62"]
[EventDate "2009.11.07"]
[EventType "team"]
[EventCountry "GER"]
[WhiteTeam "TSG Mutterstadt"]
[BlackTeam "SV 1920 Hofheim"]

1. d4 Nf6 2. c4 g6 3. Nc3 d5 4. cxd5 Nxd5 5. e4 Nxc3 6. bxc3 Bg7 7. Bc4 O-O 8.
Ne2 c5 9. Be3 Nc6 10. O-O Bd7 11. Qd2 cxd4 12. cxd4 Qa5 13. Rfd1 a6 14. Rac1 b5
15. Bd5 Rac8 16. Qxa5 Nxa5 17. Bd2 Nc6 18. Bxc6 Rxc6 19. Rxc6 Bxc6 20. f3 e6
21. Bb4 Rc8 22. Bc5 Bb7 23. Rc1 f5 24. e5 Bd5 25. a3 Bc4 26. Bd6 Rd8 27. Kf2
Bh6 28. Rc2 Kf7 29. g3 g5 30. Bc5 Ke8 31. Bd6 Kd7 1/2-1/2

[Event "FBL S"]
[Site "Deutschland"]
[Date "2009.11.07"]
[Round "1.2"]
[White "Heymann Lobzhanidze, Anna Luise"]
[Black "Roj, Michaela"]
[Result "0-1"]
[WhiteElo "2085"]
[BlackElo "1904"]
[PlyCount "56"]
[EventDate "2009.11.07"]
[EventType "team"]
[EventCountry "GER"]
[WhiteTeam "SV 1920 Hofheim"]
[BlackTeam "TSG Mutterstadt"]

1. e4 e5 2. Bc4 Nf6 3. d3 Bc5 4. Nf3 Nc6 5. c3 d6 6. Bb3 Qe7 7. O-O Bg4 8. Nbd2
h6 9. h3 Bd7 10. Re1 O-O-O 11. Bc2 g5 12. b4 Bb6 13. Nc4 g4 14. Nxb6+ axb6 15.
hxg4 Bxg4 16. a4 Rdg8 17. a5 h5 18. Ba4 Nb8 19. axb6 cxb6 20. Re3 h4 21. Qb3
Be6 22. Qa3 h3 23. g3 Ng4 24. Re2 h2+ 25. Kh1 Qf6 26. Bf4 exf4 27. Rf1 Ne5 28.
Nxe5 dxe5 0-1

[Event "FBL S"]
[Site "Deutschland"]
[Date "2009.11.07"]
[Round "1.1"]
[White "Endress, Anna"]
[Black "Lopatin, Olga"]
[Result "1-0"]
[WhiteElo "2090"]
[BlackElo "2136"]
[PlyCount "129"]
[EventDate "2009.11.07"]
[EventType "team"]
[EventCountry "GER"]
[WhiteTeam "TSV Schott Mainz"]
[BlackTeam "Schachges. Augsburg 1873"]

1. e4 b6 2. d4 Bb7 3. Nc3 e6 4. Nf3 Bb4 5. Bd3 Nf6 6. Qe2 d5 7. e5 Ne4 8. O-O
Nxc3 9. bxc3 Be7 10. c4 dxc4 11. Bxc4 O-O 12. Rd1 a5 13. Bb2 Qd7 14. Bd3 Na6
15. c4 Nb4 16. Bb1 Rad8 17. a3 Na6 18. Ba2 Qc8 19. Rac1 Rfe8 20. Bb3 Qa8 21.
Rd3 Be4 22. Re3 Bg6 23. Ba4 Rf8 24. Rd1 Nb8 25. Qd2 c6 26. Ree1 Qa6 27. Bb3 a4
28. Ba2 Nd7 29. Qf4 Bc2 30. Rc1 Bg6 31. Nh4 Qb7 32. Nxg6 hxg6 33. Qg4 Rfe8 34.
Rcd1 Nf8 35. h4 b5 36. c5 b4 37. h5 bxa3 38. Bxa3 gxh5 39. Qxh5 Rb8 40. Re3 f5
41. Rh3 Qd7 42. Qxf5 g6 43. Qf4 Bd8 44. Qe4 Re7 45. Bc1 Rh7 46. Rxh7 Kxh7 47.
Rd3 Rb4 48. Ba3 Rb7 49. Rf3 Kg8 50. Bc1 Qe8 51. Bh6 Be7 52. Bb1 Rb4 53. Bxf8
Bxf8 54. Rf6 Bg7 55. Rxg6 Qd7 56. Rg4 Rxb1+ 57. Qxb1 a3 58. Qa2 Kf7 59. Qxa3
Bxe5 60. Qf3+ Bf6 61. Rf4 Qd8 62. g4 Kg7 63. Rxf6 Qxf6 64. Qxf6+ Kxf6 65. f4
1-0

[Event "FBL S"]
[Site "Deutschland"]
[Date "2009.11.07"]
[Round "1.2"]
[White "Barpiyeva, Gulsana"]
[Black "Frey, Alisa"]
[Result "0-1"]
[WhiteElo "2126"]
[BlackElo "2038"]
[PlyCount "88"]
[EventDate "2009.11.07"]
[EventType "team"]
[EventCountry "GER"]
[WhiteTeam "Schachges. Augsburg 1873"]
[BlackTeam "TSV Schott Mainz"]

1. c4 Nf6 2. Nc3 c5 3. Nf3 d5 4. cxd5 Nxd5 5. g3 g6 6. Bg2 Bg7 7. O-O O-O 8.
Ng5 Nc7 9. Qb3 Nd7 10. Nge4 b6 11. d3 Rb8 12. Bf4 Bb7 13. a4 h6 14. Nb5 e5 15.
Bd2 Bd5 16. Qc2 Ne6 17. Nec3 Bxg2 18. Kxg2 a6 19. Na3 Nd4 20. Qd1 Nf6 21. Rb1
Nd5 22. e3 Nc6 23. Nxd5 Qxd5+ 24. Qf3 Rfd8 25. b4 Qxf3+ 26. Kxf3 Rxd3 27. Nc4
b5 28. axb5 axb5 29. bxc5 bxc4 30. Rxb8+ Nxb8 31. Rb1 Nc6 32. Bc1 Rb3 33. Rxb3
cxb3 34. Ke4 Kf8 35. Kd5 Na5 36. c6 Nxc6 37. Kxc6 e4 38. Ba3+ Ke8 39. Kd5 f5
40. Ke6 h5 41. h3 b2 42. Bxb2 Bxb2 43. g4 fxg4 44. h4 Bc3 0-1